Statistiques concernant Première déclinaison latine

Cliquez ici pour prendre le quiz!

Statistiques générales

  • Ce quiz a été pris 147 fois
  • Le résultat moyen est 11 sur 12

Statistiques - réponses

Réponse% Correct
Rosa
100%
Rosa
98%
Rosa
97%
Rosae
94%
Rosam
94%
Rosae
93%
Rosae
92%
Rosae
91%
Rosas
82%
Rosarum
79%
Rosis
76%
Rosis
74%

Distribution des résultats

Percentile par nombre de réponses

% des personnes avec chaque résultat

Votre développement - résultats

Vous n’avez pas pris ce quiz